Most Common Food Allergens- Sudden Death - Statistics

General Stats
  • This quiz has been taken 288 times
  • The average score is 5 of 9
Answers on the Grid
Answers color-coded by a green-red scale on the quiz's grid according to % correct below.
Peanuts
Tree Nuts
Honey
Garlic
Onions
Milk
Shellfish
Fish
Pork
Beef
Poultry
Rice
Soy
MSG
Celery Seed
Wheat
Bananas
Corn
Eggs
Coconuts
Citrus Fruits
Sesame
Red 40
Coffee Beans
 
Answer Stats
Answer % Correct
Peanuts
99%
Shellfish
65%
Milk
60%
Tree Nuts
59%
Soy
40%
Eggs
39%
Wheat
37%
Fish
29%
Sesame
24%
No matching quizzes found
Score Distribution
Percent of People with Each Score
Percentile by Number Answered
Your Score History
You have not taken this quiz